000 00488nam a22001695i 4500
001 171867
003 ES-MaACL
005 20230906214742.0
008 090604s1968 sp |||| | spa d
080 _a821.161.1-31"19"
100 1 _aSolzhenitsyn, Aleksandr Isaevich.
_9107256
245 1 3 _aEl primer círculo /
_cAlexander Solschenitzin.
250 _a[1ª ed.].
260 _aBarcelona :
_bBruguera,
_c[1968]
300 _a646 p. ;
_c22 cm.
852 _aES-MaACL
_jC-34979
_9R.68200
999 _c171867
_d171867